| 000 | 00668nam a2200193 a 4500 | ||
|---|---|---|---|
| 020 | _a0861962907 | ||
| 040 | _cDLC | ||
| 082 | 0 | 0 | _a632 EDI 1991 A046 Or. |
| 245 | 1 | 3 |
_aLa lutte anti-acridienne : _bColloque international sur les perspectives de recherche biologique et chimique dans le cadre de la lutte anti-acridienne, Rabat, Maroc, 27 novembre-2 décembre 1989 / |
| 260 |
_aMontrouge, France : _bEditions J. Libbey Eurotext, _cc1991. |
||
| 300 |
_axxiii, 306 p. : _bill. ; _c25 cm. |
||
| 650 | 0 | _aDesert locust | |
| 650 | 0 | _aDesert locust | |
| 650 | 0 | _aLocusts | |
| 650 | 0 | _aLocusts | |
| 650 | 0 | _aInsecticides | |
| 700 | 1 | _aEssaid, Abderrahmane. | |
| 942 | _cFB | ||
| 999 |
_c13532 _d13532 |
||